| 000 | 00607nam a2200217Ii 4500 | ||
|---|---|---|---|
| 001 | 13791 | ||
| 003 | CO-ViMGA | ||
| 008 | 241108s9999||||xx |||||||||||||| ||und|| | ||
| 020 | _a9583004804 | ||
| 040 |
_aCO-ViMGA _bspa _erda _cCO-ViMGA |
||
| 041 | 0 | _aspa | |
| 082 | 0 | 4 | _a986.08 A74 |
| 100 | 1 |
_aRicardo Arias Trujillo _951628 |
|
| 245 | 1 | 0 | _a9 de abril de 1948 |
| 264 | 1 | _aBogotá, Colombia : Panamericana, 1998 | |
| 300 | _avolumen | ||
| 336 |
_atext _btxt _2rdacontent |
||
| 337 |
_aunmediated _bn _2rdamedia |
||
| 338 |
_avolume _bnc _2rdacarrier |
||
| 940 | _aidficha_siabuc: 13491. -- ficha_no_siabuc:13791 | ||
| 999 |
_c46360 _d46360 |
||